L'actio aquae pluviae arcendae. Contributo alla dottrina della responsabilità per danno nel diritto romano
Guardado en:
| Autor principal: | |
|---|---|
| Formato: | Libro |
| Lenguaje: | italiano |
| Publicado: |
Milán
Dott. A. Giuffré
1940
|
| Colección: | Pubblicazioni dell'Istituto di Diritto Romano dei Diritti dell'Oriente Mediterraneo e di Storia del Diritto, 17
|
| Materias: | |
| Etiquetas: |
Agregar Etiqueta
Sin Etiquetas, Sea el primero en etiquetar este registro!
|
MARC
| LEADER | 00000nam a2200000 a 4500 | ||
|---|---|---|---|
| 001 | UCR1037 | ||
| 003 | CL-VaPUC | ||
| 008 | 971205e19400000IT |||||||||||||||||ita|d | ||
| 082 | 0 | 4 | |a 340.54 |b SAR |2 21 |
| 100 | 0 | |a Sargenti, Manlio |e author |9 397799 | |
| 245 | 1 | 2 | |a L'actio aquae pluviae arcendae. Contributo alla dottrina della responsabilità per danno nel diritto romano |
| 300 | |a 205 p | ||
| 942 | |c BK | ||
| 945 | |d 19971205 00:00:00 |a aolguin | ||
| 260 | |a Milán |b Dott. A. Giuffré |c 1940 | ||
| 650 | 0 | |a Derecho romano |9 255930 | |
| 650 | 0 | |a Responsabilidad |9 308399 | |
| 650 | 7 | |a DAÑOS |2 CL-VaPUC |9 385714 | |
| 650 | 7 | |a ESTRUCTURA AGRICOLA |2 CL-VaPUC |9 397800 | |
| 650 | 7 | |a CONDICION SOCIOECONOMICA |2 CL-VaPUC |9 397801 | |
| 650 | 7 | |a REGIMEN DE AGUAS |2 CL-VaPUC |9 397802 | |
| 650 | 7 | |a CONCESIONES |2 CL-VaPUC |9 259108 | |
| 650 | 0 | |a Derecho de aguas |9 257148 | |
| 583 | |a last modification |c 19971205 00:00:00 |k Rodrigo Vera | ||
| 490 | 0 | |a Pubblicazioni dell'Istituto di Diritto Romano dei Diritti dell'Oriente Mediterraneo e di Storia del Diritto, 17 | |
| 999 | |c 264532 |d 264530 | ||
| 952 | |0 0 |1 0 |4 0 |6 340_540000000000000_SAR_1940 |7 0 |8 DER_ROM |9 294816 |a BIBDER |b BIBDER |d 2019-11-19 |i 1909185 |o 340.54 SAR 1940 |p 1909185 |r 2023-01-25 |w 2019-11-19 |x Ubicación 4to piso |y BK |z Este recurso debe solicitarse con anticipación |k DER | ||